=LDR 00000nam 2200000 4500 =001 INLIS000000000041980 =005 20130612151501 =008 ***********************************ind** =035 ##$$0010-061300000041980 =041 ##$$a ind =082 ##$$a 959.824 2 =090 ##$$a 959. 824 2, Cla b =100 ##$$a Cloude Guillot =245 ##$$a Banten sejarah dan peradaban abad x-xviii, Clode guillot; Penerjemah, Hendra setiawan...[Et al] =260 ##$$a 2011 $b Jakarta =300 ##$$a 397 hlm., Ilus., 24 cm =650 ##$$a SEJARAH BANTEN =700 ##$$a Hendra Setiawan =850 ##$$a NBPNMAT =990 ##$$a 2090100766/BPAP-NTB/2015